<?xml version="1.0" encoding="UTF-8"?><?xml-stylesheet type="text/xsl" href="static/style.xsl"?><OAI-PMH xmlns="http://www.openarchives.org/OAI/2.0/" xmlns:xsi="http://www.w3.org/2001/XMLSchema-instance" xsi:schemaLocation="http://www.openarchives.org/OAI/2.0/ http://www.openarchives.org/OAI/2.0/OAI-PMH.xsd"><responseDate>2026-04-18T02:14:20Z</responseDate><request verb="GetRecord" identifier="oai:riubu.ubu.es:10259/8462" metadataPrefix="marc">https://riubu.ubu.es/oai/request</request><GetRecord><record><header><identifier>oai:riubu.ubu.es:10259/8462</identifier><datestamp>2024-01-25T01:05:25Z</datestamp><setSpec>com_10259_7065</setSpec><setSpec>com_10259_5086</setSpec><setSpec>com_10259_2604</setSpec><setSpec>col_10259_8461</setSpec></header><metadata><record xmlns="http://www.loc.gov/MARC21/slim" xmlns:doc="http://www.lyncode.com/xoai" xmlns:xsi="http://www.w3.org/2001/XMLSchema-instance" xmlns:dcterms="http://purl.org/dc/terms/" xsi:schemaLocation="http://www.loc.gov/MARC21/slim http://www.loc.gov/standards/marcxml/schema/MARC21slim.xsd">
<leader>00925njm 22002777a 4500</leader>
<datafield tag="042" ind1=" " ind2=" ">
<subfield code="a">dc</subfield>
</datafield>
<datafield tag="720" ind1=" " ind2=" ">
<subfield code="a">Pontes Velasco, Rafael</subfield>
<subfield code="e">author</subfield>
</datafield>
<datafield tag="260" ind1=" " ind2=" ">
<subfield code="c">2007</subfield>
</datafield>
<datafield tag="520" ind1=" " ind2=" ">
<subfield code="a">Cagliostro (1934), "novela visual" del poeta Vicente Huidobro, se relaciona con la generación del 27 en tanto asume y personaliza los postulados filosóficos que los artistas de la época mantenían en torno al cine y la literatura. Anticipadamente, el principal promotor del creacionismo apoyó la consolidación del interés de La Gaceta literaria por el séptimo arte. El propósito de nuestro artículo reside en reconstruir el puente que Cagliostro pudo haber diseñado entre Huidobro y los autores españoles del 27, propiciado por una inspiración vanguardista común. Estructuramos nuestra reflexión en cuatro partes. En primer lugar, proponemos una sinopsis argumental de Cagliostro y un comentario del mismo, a la luz de varios hallazgos estéticos de Luis Buñuel, Salvador Dalí, Federico García Lorca y Rafael Alberti. A continuación, analizamos algunas de las técnicas cinematográficas de la novela, teniendo en cuenta sus procedimientos literarios. En tercer lugar, realizamos una digresión interpretativa en torno al simbolismo de "los ojos" en el cine, y por tanto en la literatura de Huidobro y la generación del 27. Finalmente, damos paso a las conclusiones valorativas y señalamos el posible alcance profético que la vinculación primigenia entre la magia y la imagen suscitaba en los primeros artistas de vanguardia.</subfield>
</datafield>
<datafield tag="024" ind2=" " ind1="8">
<subfield code="a">1738-2130</subfield>
</datafield>
<datafield tag="024" ind2=" " ind1="8">
<subfield code="a">http://hdl.handle.net/10259/8462</subfield>
</datafield>
<datafield ind1=" " ind2=" " tag="653">
<subfield code="a">Vanguardismo en la novela Cagliostro</subfield>
</datafield>
<datafield ind1=" " ind2=" " tag="653">
<subfield code="a">Vicente Huidobro y la generación del 27</subfield>
</datafield>
<datafield ind1=" " ind2=" " tag="653">
<subfield code="a">Hibridismo genérico</subfield>
</datafield>
<datafield ind1=" " ind2=" " tag="653">
<subfield code="a">Literatura y cine fantástico en España y Latinoamérica</subfield>
</datafield>
<datafield tag="245" ind1="0" ind2="0">
<subfield code="a">El cine, Cagliostro y la generación del 27</subfield>
</datafield>
</record></metadata></record></GetRecord></OAI-PMH>